|
|
|
|
| LEADER |
00967nta a2200241 i 4500 |
| 001 |
dokt1701 |
| 005 |
20191209091714.0 |
| 008 |
130201s2013 hu om 0|| hun d |
| 024 |
7 |
|
|a 10.14232/phd.1701
|2 doi
|
| 024 |
7 |
|
|a 2372760
|2 mtmt
|
| 040 |
|
|
|a SZTE Doktori Repozitórium
|b hun
|
| 041 |
|
|
|a hun
|
| 100 |
1 |
|
|a Váradi Szilvia
|
| 245 |
1 |
3 |
|a Az Európai Unió bővítésének jogi aspektusai
|h [elektronikus dokumentum] /
|c Váradi Szilvia
|
| 246 |
1 |
0 |
|a Legal aspects of the enlargement of the European Union
|h [elektronikus dokumentum]
|
| 260 |
|
|
|c 2013-03-22
|
| 502 |
|
|
|a Disszertacio
|
| 650 |
|
4 |
|a állam- és jogtudományok
|
| 650 |
|
4 |
|a Jogtudomány
|
| 700 |
0 |
1 |
|a Blutman László
|e ths
|
| 700 |
0 |
1 |
|a Bodnár László
|e ths
|
| 856 |
4 |
0 |
|u https://doktori.bibl.u-szeged.hu/id/eprint/1701/1/Kerteszne_Varadi_Szilvia_ertekezes.pdf
|z Dokumentum-elérés
|
| 856 |
4 |
0 |
|u https://doktori.bibl.u-szeged.hu/id/eprint/1701/2/Kerteszne_Varadi_Szilvia_Tezisek.pdf
|z Dokumentum-elérés
|